Year Six pupils conceptions of moon phases and the eclipses /
Saved in:
| Main Author: | |
|---|---|
| Format: | Thesis Book |
| Language: | English |
| Published: |
2013.
|
| Subjects: | |
| Tags: |
Add Tag
No Tags, Be the first to tag this record!
|
| LEADER | 01091cam a2200289 i 4500 | ||
|---|---|---|---|
| 001 | u1120088 | ||
| 003 | SIRSI | ||
| 005 | 201908011344 | ||
| 008 | 190801s2013 my a m 000 0 eng | ||
| 040 | |a UMD |e rda | ||
| 090 | |a LB7 |b A9 UM 2013 Tan | ||
| 100 | 1 | |a Tan, Chee Yan, |e author. | |
| 245 | 1 | 0 | |a Year Six pupils conceptions of moon phases and the eclipses / |c Tan Chee Yan. |
| 264 | 1 | |c 2013. | |
| 300 | |a xii, 172 leaves : |b illustrations, ; |c 30 cm. | ||
| 336 | |a text |2 rdacontent | ||
| 337 | |a unmediated |2 rdamedia | ||
| 338 | |a volume |2 rdacarrier | ||
| 502 | |b M.Ed.Sc. |c Jabatan Matematik Dan Sains, Fakulti Pendidikan, Universiti Malaya |d 2013. | ||
| 504 | |a Bibliography: leaves 163-172. | ||
| 650 | 0 | |a Mathematics |x Study and teaching |z Malaysia. | |
| 650 | 0 | |a Mathematics |x Problems, exercises, etc. | |
| 650 | 0 | |a Education, Secondary |z Malaysoa |x Curricula. | |
| 710 | 2 | |a Universiti Malaya. |b Fakulti Pendidikan. |e degree granting institution. | |
| 900 | |a ND | ||
| 596 | |a 8 | ||
| 999 | |a LB7 A9 UM 2013 TAN |w LC |c 1 |i A517310858 |f 15/12/2020 |g 1 |l STACKS |m P08PENDIDI |r Y |s Y |t TESIS |u 15/12/2020 |1 AHSS | ||
